All Star Wars Projects - Statistics

General Stats
  • This quiz has been taken 55 times
    42 since last reset
  • The average score is 24 of 31
Answer Stats
Year Answer % Correct
1977 A New Hope
100%
2002 Attack of the Clones
97%
1980 Empire Strikes Back
97%
1999 Phantom Menace
97%
2008-2020 Clone Wars
94%
2015 Force Awakens
94%
1983 Return of the Jedi
94%
2005 Revenge of the Sith
94%
2019 Rise of Skywalker
94%
2018 Solo: A Star Wars Story
94%
2019-2023 The Mandalorian
91%
2017 Last Jedi
89%
2016 Rogue One
89%
2022-2025 Andor
83%
2014-2018 Rebels
83%
2021-2024 Bad Batch
80%
2021 Book of Boba Fett
80%
2023 Ahsoka
77%
2026 Mandalorian and Grogu
77%
2026 Maul: Shadow Lord
74%
2022 Obi-Wan Kenobi
71%
2022 Tales of the Jedi
69%
2024 The Acolyte
66%
2024-2025 Skeleton Crew
63%
2024 Tales of the Empire
63%
2018-2020 Resistance
60%
2025 Tales of the Underworld
51%
1985-1986 Ewoks
49%
2021-2025 Visions
49%
1985-1986 Droids
40%
2027 Starfighter
34%
No matching quizzes found
Score Distribution
Percent of People with Each Score
Percentile by Number Answered
Your Score History
You have not taken this quiz since the last reset